000 01600nam a22004337a 4500
003 DO-SdBPM
005 20260508135600.0
007 ta
008 210524e2020 dr a|||gr|||| 001 0 spa d
020 _a9789945926279
040 _aDO-SdBPM
_bspa
_cBPMSU
_drda
041 _hspa
082 4 _a362.1098
_bR234a 2020
_222
100 1 _aRathe, Magdalena
_eautor
245 1 0 _aAtención primaria en salud en Latinoamérica y el Caribe :
_bexperiencias exitosas y lecciones aprendidas /
_cMagdalena Rathe, Marc Gibert.
264 _aSanto Domingo :
_bObservatorio de Seguridad Social ;
_bINTEC,
_c2020.
300 _a246 páginas :
_bilustraciones, gráficos., tablas ;
_c23 cm.
336 _atexto
_btxt
_2rdacontent
337 _asin mediación
_bn
_2rdamedia
338 _avolumen
_bnc
_2rdacarrier
504 _aBibliografía : páginas. 237 - 246
590 _aInventariado, 2025/VM
650 7 _aAtención primaria de salud
_zAmérica Latina
650 7 _aAtención primaria de salud
_zCaribe (Región).
650 7 _aSeguridad social
_zRepública Dominicana.
650 7 _aSeguridad social
_zCaribe (Región)
650 1 4 _aServicios de salud
_zRepública Dominicana.
650 z _aPrimary health care
650 z _aAtención primaria en salud
650 z _aPrimary health care
650 z _aAtención primaria en salud
650 z _a Social security
650 z _aInsurance, Social
650 z _aSeguros sociales
700 1 _aGibert, Marc
_eautor
710 2 _aInstituto Tecnológico de Santo Domingo
910 _aVMateo V. Control de calidad BPMSU
942 _2ddc
_cBK
999 _c15396
_d15396